[Event "European Team Championship"]
[Site "Reykjavik ISL"]
[Date "2015.11.22"]
[EventDate "2015.11.13"]
[Round "9.15"]
[Result "1-0"]
[White "Sampsa Nyysti"]
[Black "Stef Soors"]
[WhiteElo "2353"]
[BlackElo "2394"]
[PlyCount "121"]

1. e4 c6 2. d4 d5 3. e5 Bf5 4. Nd2 e6 5. Nb3 Nd7 6. Nf3 Ne7
7. Be2 h6 8. O-O Qc7 9. Bd2 g5 10. Bb4 Ng6 11. Bxf8 Rxf8
12. Bd3 Bxd3 13. Qxd3 f5 14. c4 Nf4 15. Qc2 g4 16. Ne1 O-O-O
17. Qd2 dxc4 18. Qxf4 cxb3 19. axb3 Kb8 20. Nd3 Nb6 21. Nc5
Qe7 22. Rfc1 Rfe8 23. Qd2 Nc8 24. Ra4 h5 25. Qb4 Rd5 26. g3
Ka8 27. Rca1 b6 28. Na6 Qd7 29. Qc3 Rd8 30. Kf1 c5 31. dxc5
bxc5 32. Re1 h4 33. gxh4 Rd1 34. Ra1 Rxe1+ 35. Rxe1 Qb5+
36. Qc4 Qb7 37. Kg1 Nb6 38. Qb5 f4 39. Nxc5 Qd5 40. Ra1 g3
41. hxg3 fxg3 42. fxg3 Rg8 43. Kh2 Qf3 44. Rg1 Qd5 45. Na6 Qb7
46. Rc1 Rc8 47. Rxc8+ Qxc8 48. Qe8 Qxe8 49. Nc7+ Kb7 50. Nxe8
Kc6 51. h5 Nd7 52. g4 Nxe5 53. Kg3 Kd7 54. Nf6+ Ke7 55. Ne4
Nd3 56. g5 Kf7 57. Kg4 Kg7 58. Nd6 Nf2+ 59. Kf3 Nh3 60. Ne4
Ng1+ 61. Kf4 1-0

[Event "European Team Championship"]
[Site "Reykjavik ISL"]
[Date "2015.11.22"]
[EventDate "2015.11.13"]
[Round "9.16"]
[Result "1/2-1/2"]
[White "Robert Kreisl"]
[Black "Rogvi Egilstoft Nielsen"]
[WhiteElo "2442"]
[BlackElo "2275"]
[PlyCount "84"]

1. Nf3 e6 2. d4 f5 3. Bf4 Nf6 4. e3 Be7 5. h3 b6 6. Be2 Bb7
7. O-O O-O 8. Bh2 h6 9. c4 d6 10. Nc3 Nbd7 11. d5 e5 12. Qc2
Nh7 13. Ne1 a5 14. f4 exf4 15. exf4 Nc5 16. Nf3 Bf6 17. Bd3
Bxc3 18. Qxc3 Nf6 19. Nd4 Nfe4 20. Bxe4 Nxe4 21. Qd3 Qf6
22. Rae1 Rae8 23. Re3 Bc8 24. Rfe1 Bd7 25. b3 Re7 26. Nf3 Rfe8
27. Qd4 Qf7 28. Nd2 Nc5 29. Bg3 Rxe3 30. Rxe3 Rxe3 31. Qxe3
Qe8 32. Qxe8+ Bxe8 33. Bh4 Bd7 34. Bd8 Na6 35. Kf2 Kf7 36. Ke3
Ke8 37. Bh4 a4 38. Nb1 Nb4 39. Nc3 Nc2+ 40. Kd3 Nb4+ 41. Kd2
axb3 42. axb3 c6 1/2-1/2

[Event "European Team Championship"]
[Site "Reykjavik ISL"]
[Date "2015.11.22"]
[EventDate "2015.11.13"]
[Round "9.17"]
[Result "1-0"]
[White "Nigel Short"]
[Black "Mircea-Emilian Parligras"]
[WhiteElo "2686"]
[BlackElo "2587"]
[PlyCount "121"]

1. c4 Nf6 2. Nc3 c5 3. Nf3 Nc6 4. d4 cxd4 5. Nxd4 e6 6. a3 Be7
7. Bf4 d5 8. e3 O-O 9. Be2 Nxd4 10. Qxd4 dxc4 11. Qxc4 Bd7
12. O-O Qb6 13. Bc7 Qc6 14. Qf4 Rac8 15. Be5 Qb6 16. Qg3 Rfd8
17. Bd4 Qa5 18. Rfd1 a6 19. b4 Qc7 20. Be5 Qb6 21. Ne4 Ne8
22. Bd4 Qc7 23. Bc5 Qxg3 24. hxg3 Bxc5 25. Nxc5 Bc6 26. Rxd8
Rxd8 27. Rc1 Rd6 28. e4 e5 29. f4 f6 30. Kf2 Kf8 31. Ke3 Ke7
32. a4 b6 33. Nxa6 Bxa4 34. b5 Rd4 35. Nb8 Rd6 36. Nc6+ Kf8
37. fxe5 fxe5 38. Nxe5 Re6 39. Rf1+ Nf6 40. Nd7+ Ke8 41. Nxf6+
gxf6 42. Bc4 Rd6 43. Ra1 Bc2 44. Ra2 Bb1 45. Rf2 Rd1 46. Rxf6
Re1+ 47. Be2 Ke7 48. e5 Bg6 49. g4 Bf7 50. Kf2 Rc1 51. Rxb6
Rc5 52. Rb7+ Ke6 53. Bd3 Bg6 54. Rb6+ Kxe5 55. Bxg6 hxg6
56. Rxg6 Kf4 57. b6 Rc2+ 58. Ke1 Rxg2 59. b7 Rb2 60. Rg7 Ke5
61. g5 1-0

[Event "European Team Championship"]
[Site "Reykjavik ISL"]
[Date "2015.11.22"]
[EventDate "2015.11.13"]
[Round "9.18"]
[Result "0-1"]
[White "Nderim Saraci"]
[Black "Sune Berg Hansen"]
[WhiteElo "2215"]
[BlackElo "2566"]
[PlyCount "140"]

1. d4 Nf6 2. c4 e6 3. Nc3 d5 4. Bg5 Nbd7 5. e3 Be7 6. Nf3 h6
7. Bh4 O-O 8. Be2 a6 9. cxd5 exd5 10. O-O c6 11. Rb1 Re8
12. b4 Nb6 13. Ne5 Bf5 14. Bd3 Bxd3 15. Qxd3 Nfd7 16. Bxe7
Qxe7 17. Nxd7 Qxd7 18. a4 Qe7 19. a5 Nc8 20. Na4 Nd6 21. Rfe1
Qg5 22. Nc5 Re7 23. Rb2 Rae8 24. Rbe2 Kh8 25. f3 f5 26. Qc3
Nb5 27. Qd2 Kg8 28. f4 Qh5 29. Qb2 g5 30. Nd3 gxf4 31. Nxf4
Qg5 32. Qc1 Nd6 33. Qc5 Ne4 34. Qc2 Nd6 35. Qc5 Rd7 36. g3 Ne4
37. Qc2 Kh8 38. Rg2 Nd6 39. g4 Rg7 40. h3 fxg4 41. Rxg4 Qh4
42. Ng6+ Rxg6 43. Qxg6 Qxe1+ 44. Kh2 Qf2+ 45. Kh1 Qf8 46. Rf4
Qg7 47. Qxd6 Rxe3 48. Qf8+ Qxf8 49. Rxf8+ Kg7 50. Rb8 Rxh3+
51. Kg2 Rc3 52. Rxb7+ Kf6 53. Rb6 Kf5 54. Rxa6 Ke4 55. Rb6
Kxd4 56. a6 h5 57. Rb8 Ra3 58. Rb6 Kc4 59. Rxc6+ Kxb4 60. Kf2
h4 61. Rd6 Kc5 62. Rh6 h3 63. Ke1 Ra1+ 64. Kf2 h2 65. Rxh2
Ra2+ 66. Kg3 Rxh2 67. Kxh2 Kb6 68. Kg2 Kxa6 69. Kf2 Kb5
70. Ke2 Kc4 0-1

[Event "European Team Championship"]
[Site "Reykjavik ISL"]
[Date "2015.11.22"]
[EventDate "2015.11.13"]
[Round "9.18"]
[Result "1-0"]
[White "Bjorn Moller Ochsner"]
[Black "Bedri Sadiku"]
[WhiteElo "2405"]
[BlackElo "2197"]
[PlyCount "109"]

1. e4 e6 2. d4 d5 3. Nc3 Bb4 4. e5 Qd7 5. a3 Bxc3+ 6. bxc3 b6
7. Qg4 f5 8. Qg3 Ba6 9. Bxa6 Nxa6 10. Ne2 O-O-O 11. a4 Kb7
12. a5 b5 13. Nf4 Qf7 14. O-O Ne7 15. Ba3 Nc8 16. h4 c6
17. Rfb1 Rd7 18. c4 dxc4 19. Qf3 Rd5 20. Nxd5 exd5 21. e6 Qxe6
22. Re1 Qd7 23. Re5 g6 24. Rae1 Ka8 25. Bc5 Nxc5 26. dxc5 a6
27. Qe3 Rf8 28. Re8 Rxe8 29. Qxe8 Qxe8 30. Rxe8 Kb7 31. Kf1
Kc7 32. h5 gxh5 33. Re5 Kd7 34. Rxf5 Ne7 35. Rxh5 d4 36. Ke2
Ke6 37. Rxh7 b4 38. Kd2 Nd5 39. Rh6+ Ke5 40. Rh5+ Ke6 41. Rh1
Nf4 42. g3 c3+ 43. Kd1 Nd5 44. Ke2 Nf6 45. Rh6 b3 46. cxb3 Kf5
47. Rxf6+ Kxf6 48. Kd3 Kf5 49. f3 Kf6 50. b4 Ke6 51. f4 Kf5
52. b5 cxb5 53. c6 Ke6 54. f5+ Kd6 55. f6 1-0